000 005030000a22001810004500
003 MACL
005 20150703144846.0
008 150703b xxu||||| |||| 00| 0 eng d
040 _aMACL
_cMACL
041 _aENGLISH
082 _a300/PAR
100 _aParthasarathy, G.
_9466
245 _aAgrarian Structure Movements And Peasant Organisations In India
_bVolume 1 andhra pradesh
260 _bManak Publications
_c2004
_anew delhi
350 _a1000
650 _aSociology
_919
942 _cBK
_k300
_2ddc
999 _c8454
_d8454